[Event "Pohár města Říčany 2018"]
[Site ""]
[Date "2018.08.25"]
[Round "1.1"]
[White "Hadrava, Jaroslav"]
[Black "Plat, Vojtech"]
[Result "0-1"]
[WhiteElo "1913"]
[BlackElo "2523"]
[PlyCount "0"]
[EventDate "2018.08.25"]

1. e4 {[%clk 01:30:51]} {[%emt 00:00:07]} c5 {[%clk 01:30:54]} {[%emt
00:00:07]} 2. Nf3 {[%clk 01:31:10]} {[%emt 00:00:12]} Nc6 {[%clk 01:31:11]}
{[%emt 00:00:13]} 3. Bb5 {[%clk 01:31:33]} {[%emt 00:00:07]} g6 {[%clk
01:31:35]} {[%emt 00:00:06]} 4. O-O {[%clk 01:30:43]} {[%emt 00:01:20]} Bg7
{[%clk 01:32:01]} {[%emt 00:00:04]} 5. Re1 {[%clk 01:27:15]} {[%emt 00:03:58]}
Nf6 {[%clk 01:32:25]} {[%emt 00:00:06]} 6. c3 {[%clk 01:20:47]} {[%emt
00:06:53]} O-O {[%clk 01:31:20]} {[%emt 00:01:35]} 7. d4 {[%clk 01:14:07]}
{[%emt 00:07:11]} cxd4 {[%clk 01:31:45]} {[%emt 00:00:05]} 8. cxd4 {[%clk
01:14:31]} {[%emt 00:00:07]} d5 {[%clk 01:32:11]} {[%emt 00:00:03]} 9. e5
{[%clk 01:07:39]} {[%emt 00:07:22]} Ne4 {[%clk 01:32:36]} {[%emt 00:00:05]} 10.
Nbd2 {[%clk 01:06:40]} {[%emt 00:01:29]} Bf5 {[%clk 01:29:37]} {[%emt
00:03:29]} 11. Bxc6 {[%clk 00:58:55]} {[%emt 00:08:15]} bxc6 {[%clk 01:26:37]}
{[%emt 00:03:29]} 12. Nb3 {[%clk 00:59:20]} {[%emt 00:00:05]} a5 {[%clk
01:26:44]} {[%emt 00:00:22]} 13. a4 {[%clk 00:50:55]} {[%emt 00:08:55]} f6
{[%clk 01:26:54]} {[%emt 00:00:21]} 14. Bd2 {[%clk 00:39:28]} {[%emt 00:11:57]}
fxe5 {[%clk 01:26:41]} {[%emt 00:00:43]} 15. Nxe5 {[%clk 00:38:47]} {[%emt
00:01:12]} Bxe5 {[%clk 01:26:27]} {[%emt 00:00:44]} 16. dxe5 {[%clk 00:39:10]}
{[%emt 00:00:07]} Nxf2 {[%clk 01:26:52]} {[%emt 00:00:05]} 17. Qe2 {[%clk
00:33:09]} {[%emt 00:06:31]} Nd3 {[%clk 01:27:14]} {[%emt 00:00:08]} 18. Bc3
{[%clk 00:31:42]} {[%emt 00:01:57]} Nxe1 {[%clk 01:26:42]} {[%emt 00:01:01]} 19.
Rxe1 {[%clk 00:31:54]} {[%emt 00:00:18]} Qb6+ {[%clk 01:26:47]} {[%emt
00:00:24]} 20. Nd4 {[%clk 00:32:18]} {[%emt 00:00:08]} c5 {[%clk 01:27:10]}
{[%emt 00:00:06]} 21. Nb5 {[%clk 00:32:03]} {[%emt 00:00:46]} Be6 {[%clk
01:27:14]} {[%emt 00:00:25]} 22. h3 {[%clk 00:31:57]} {[%emt 00:00:37]} d4
{[%clk 01:27:21]} {[%emt 00:00:22]} 23. Bd2 {[%clk 00:32:18]} {[%emt 00:00:09]}
c4 {[%clk 01:26:28]} {[%emt 00:01:24]} 24. Kh2 {[%clk 00:32:37]} {[%emt
00:00:11]} Rad8 {[%clk 01:25:06]} {[%emt 00:01:51]} 25. Bg5 {[%clk 00:28:05]}
{[%emt 00:05:01]} Qc5 {[%clk 01:24:49]} {[%emt 00:00:17]} 26. Qd2 {[%clk
00:28:00]} {[%emt 00:00:36]} d3 {[%clk 01:22:31]} {[%emt 00:03:18]} 27. Qxa5
{[%clk 00:26:19]} {[%emt 00:02:11]} Qf2 {[%clk 01:21:18]} {[%emt 00:01:43]} 28.
Nc7 {[%clk 00:25:14]} {[%emt 00:01:36]} Bxh3 {[%clk 01:19:22]} {[%emt
00:02:26]} 29. Kxh3 {[%clk 00:24:57]} {[%emt 00:00:47]} Qf5+ {[%clk 01:19:45]}
{[%emt 00:00:06]} 30. Kh2 {[%clk 00:24:14]} {[%emt 00:01:14]} Qxg5 {[%clk
01:20:09]} {[%emt 00:00:06]} 31. Ne6 {[%clk 00:23:36]} {[%emt 00:01:08]} Qh4+
{[%clk 01:18:59]} {[%emt 00:01:39]} 32. Kg1 {[%clk 00:23:59]} {[%emt 00:00:08]}
Qf2+ {[%clk 01:19:27]} {[%emt 00:00:02]} 33. Kh2 {[%clk 00:24:08]} {[%emt
00:00:21]} Ra8 {[%clk 01:19:52]} {[%emt 00:00:05]} 34. Qd5 {[%clk 00:23:41]}
{[%emt 00:00:57]} Qh4+ {[%clk 01:20:16]} {[%emt 00:00:05]} 35. Kg1 {[%clk
00:23:55]} {[%emt 00:00:17]} Qxe1+ {[%clk 01:20:40]} {[%emt 00:00:05]} 36. Kh2
{[%clk 00:23:43]} {[%emt 00:00:43]} Ra5 {[%clk 01:20:47]} {[%emt 00:00:23]} 37.
Qxc4 {[%clk 00:23:08]} {[%emt 00:01:06]} Qxe5+ {[%clk 01:21:08]} {[%emt
00:00:09]} 0-1

[Event "Pohár města Říčany 2018"]
[Site ""]
[Date "2018.08.25"]
[Round "1.2"]
[White "Pulpan, Jakub"]
[Black "Jun, Rudolf"]
[Result "1-0"]
[WhiteElo "2400"]
[BlackElo "1905"]
[PlyCount "0"]
[EventDate "2018.08.25"]

1. Nf3 {[%emt 00:17:28]} Nf6 {[%emt 00:00:25]} 2. g3 {[%emt 00:00:29]} g6
{[%emt 00:00:20]} 3. Bg2 {[%emt 00:00:10]} Bg7 {[%emt 00:00:26]} 4. b3 {[%emt
00:00:12]} d6 {[%emt 00:00:23]} 5. d4 {[%emt 00:00:08]} O-O {[%emt 00:00:54]} 6.
Bb2 {[%emt 00:00:05]} c6 {[%emt 00:02:19]} 7. O-O {[%emt 00:00:17]} Nbd7 {[%emt
00:04:12]} 8. Nbd2 {[%emt 00:06:12]} Nh5 {[%emt 00:06:25]} 9. e4 {[%emt
00:01:08]} Qc7 {[%emt 00:05:07]} 10. a4 {[%emt 00:04:54]} e5 {[%emt 00:03:21]}
11. Nc4 {[%emt 00:10:05]} exd4 {[%emt 00:03:45]} 12. Bxd4 {[%emt 00:01:00]} Ne5
{[%emt 00:00:38]} 13. Nfxe5 {[%emt 00:06:23]} dxe5 {[%emt 00:00:34]} 14. Bc5
{[%emt 00:02:36]} Re8 {[%emt 00:00:26]} 15. Qd6 {[%emt 00:03:45]} Qxd6 {[%emt
00:01:01]} 16. Nxd6 {[%emt 00:01:00]} Rd8 {[%emt 00:00:43]} 17. Nxc8 {[%emt
00:01:29]} Rdxc8 {[%emt 00:01:25]} 18. Rfd1 {[%emt 00:00:42]} b6 {[%emt
00:00:20]} 19. Be3 {[%emt 00:00:52]} Rd8 {[%emt 00:00:23]} 20. Rxd8+ {[%emt
00:01:53]} Rxd8 {[%emt 00:00:11]} 21. a5 {[%emt 00:00:05]} c5 {[%emt 00:01:45]}
22. axb6 {[%emt 00:04:18]} axb6 {[%emt 00:00:08]} 23. Ra6 {[%emt 00:00:35]} Rb8
{[%emt 00:11:26]} 24. Bh3 {[%emt 00:12:00]} Nf6 {[%emt 00:01:12]} 25. f3 {[%emt
00:00:15]} Ne8 {[%emt 00:00:46]} 26. Bd7 {[%emt 00:01:50]} Nd6 {[%emt
00:00:48]} 27. Bc6 {[%emt 00:00:46]} Nc8 {[%emt 00:00:58]} 28. Bd7 {[%emt
00:10:26]} Ne7 {[%emt 00:01:36]} 29. c3 {[%emt 00:00:59]} Bf8 {[%emt 00:03:10]}
30. Kf2 {[%emt 00:09:50]} Rb7 {[%emt 00:01:01]} 31. Bb5 {[%emt 00:03:00]} Kg7
{[%emt 00:01:12]} 32. Ra8 {[%emt 00:00:39]} Ng8 {[%emt 00:02:02]} 33. Ba6
{[%emt 00:00:41]} Rd7 {[%emt 00:00:52]} 34. Rb8 {[%emt 00:01:19]} Rd6 {[%emt
00:00:08]} 35. Rb7 {[%emt 00:01:19]} Be7 {[%emt 00:01:05]} 36. Bc4 {[%emt
00:00:44]} h6 {[%emt 00:01:42]} 37. f4 {[%emt 00:01:15]} exf4 {[%emt 00:05:26]}
38. gxf4 {[%emt 00:01:19]} Rc6 {[%emt 00:00:40]} 39. e5 {[%emt 00:01:14]} h5
{[%emt 00:00:25]} 40. Bd5 {[%emt 00:00:16]} Rc8 {[%emt 00:00:07]} 41. Kf3
{[%emt 00:01:42]} Kf8 {[%emt 00:00:51]} 42. Rxb6 {[%emt 00:00:23]} Nh6 {[%emt
00:00:18]} 43. Rc6 {[%emt 00:02:44]} Rxc6 {[%emt 00:00:07]} 44. Bxc6 {[%emt
00:00:01]} Nf5 {[%emt 00:00:10]} 45. Bf2 {[%emt 00:00:11]} h4 {[%emt 00:00:38]}
46. Bd7 {[%emt 00:00:49]} Nh6 {[%emt 00:00:43]} 47. Ke4 {[%emt 00:00:22]} Kg7
{[%emt 00:00:16]} 48. Kd5 {[%emt 00:00:16]} Ng8 {[%emt 00:00:13]} 49. Bxc5
{[%emt 00:00:19]} Bxc5 {[%emt 00:00:09]} 50. Kxc5 {[%emt 00:00:04]} Ne7 {[%emt
00:00:09]} 51. Kd6 {[%emt 00:00:08]} Kf8 {[%emt 00:00:09]} 52. b4 {[%emt
00:00:06]} 1-0

[Event "Pohár města Říčany 2018"]
[Site ""]
[Date "2018.08.25"]
[Round "1.3"]
[White "Vlkova, Anezka"]
[Black "Vojta, Tomas"]
[Result "0-1"]
[WhiteElo "1901"]
[BlackElo "2348"]
[PlyCount "0"]
[EventDate "2018.08.25"]

1. e4 {[%emt 00:10:24]} d5 {[%emt 00:00:20]} 2. exd5 {[%emt 00:00:10]} Nf6
{[%emt 00:00:15]} 3. d4 {[%emt 00:00:24]} Bg4 {[%emt 00:00:54]} 4. Be2 {[%emt
00:03:29]} Bxe2 {[%emt 00:00:38]} 5. Nxe2 {[%emt 00:00:06]} Qxd5 {[%emt
00:00:31]} 6. O-O {[%emt 00:00:44]} Nc6 {[%emt 00:02:11]} 7. Qd3 {[%emt
00:05:35]} O-O-O {[%emt 00:07:19]} 8. Nbc3 {[%emt 00:03:33]} Qh5 {[%emt
00:06:47]} 9. Qc4 {[%emt 00:05:21]} e6 {[%emt 00:03:35]} 10. Bf4 {[%emt
00:07:29]} Bd6 {[%emt 00:13:27]} 11. Bxd6 {[%emt 00:08:35]} Rxd6 {[%emt
00:00:32]} 12. Rad1 {[%emt 00:02:39]} Rhd8 {[%emt 00:01:43]} 13. Rd3 {[%emt
00:01:51]} a6 {[%emt 00:11:19]} 14. Rfd1 {[%emt 00:15:58]} Nd5 {[%emt
00:10:22]} 15. Ng3 {[%emt 00:01:16]} Nb6 {[%emt 00:20:10]} 16. Qxe6+ {[%emt
00:01:24]} fxe6 {[%emt 00:00:12]} 17. Nxh5 {[%emt 00:00:04]} Nb4 {[%emt
00:12:04]} 18. R3d2 {[%emt 00:11:26]} Nc4 19. Re2 {[%emt 00:00:10]} Nxb2 {[%emt
00:01:49]} 20. Rb1 {[%emt 00:01:39]} Rxd4 {[%emt 00:00:02]} 21. h3 {[%emt
00:01:07]} Nd1 {[%emt 00:00:29]} 22. Ne4 {[%emt 00:00:36]} Nxa2 {[%emt
00:01:26]} 23. Rb3 {[%emt 00:01:22]} Nc1 {[%emt 00:00:16]} 24. Re1 {[%emt
00:03:51]} Nxb3 {[%emt 00:00:09]} 25. cxb3 {[%emt 00:00:05]} R8d5 {[%emt
00:02:50]} 26. Nhg3 {[%emt 00:03:19]} b5 {[%emt 00:02:35]} 27. f3 {[%emt
00:01:06]} Rd3 {[%emt 00:02:06]} 28. Ne2 {[%emt 00:01:18]} Rxb3 {[%emt
00:01:42]} 29. Nf4 {[%emt 00:00:34]} Nc3 {[%emt 00:04:16]} 0-1

[Event "Pohár města Říčany 2018"]
[Site ""]
[Date "2018.08.25"]
[Round "1.4"]
[White "Kulhanek, Tomas"]
[Black "Pavlicek, Petr"]
[Result "1-0"]
[WhiteElo "2314"]
[BlackElo "1891"]
[PlyCount "0"]
[EventDate "2018.08.25"]

1. e4 {[%clk 01:30:57]} c5 {[%clk 01:30:46]} {[%emt 00:05:13]} 2. Nf3 {[%clk
01:31:18]} d6 {[%clk 01:31:09]} {[%emt 00:00:16]} 3. Bb5+ {[%clk 01:31:43]} Bd7
{[%clk 01:31:23]} {[%emt 00:00:21]} 4. Bxd7+ {[%clk 01:32:07]} Qxd7 {[%clk
01:31:46]} {[%emt 00:00:13]} 5. O-O {[%emt 00:01:11]} Nf6 6. e5 {[%clk
01:32:37]} dxe5 {[%clk 01:30:29]} {[%emt 00:01:37]} 7. Nxe5 {[%clk 01:33:03]}
{[%emt 00:00:04]} Qc7 {[%clk 01:30:26]} {[%emt 00:00:32]} 8. d4 {[%clk
01:31:23]} {[%emt 00:02:11]} e6 {[%clk 01:26:34]} {[%emt 00:04:21]} 9. Bf4
{[%clk 01:30:50]} {[%emt 00:01:03]} Bd6 {[%clk 01:26:28]} {[%emt 00:00:36]} 10.
Nc3 {[%clk 01:30:09]} {[%emt 00:01:11]} a6 {[%clk 01:25:36]} {[%emt 00:01:17]}
11. Re1 {[%clk 01:29:53]} {[%emt 00:00:48]} Nc6 {[%clk 01:22:44]} {[%emt
00:03:21]} 12. Ne4 {[%clk 01:07:58]} {[%emt 00:22:26]} Nxd4 {[%clk 01:15:38]}
{[%emt 00:07:36]} 13. Nxd6+ {[%clk 01:06:30]} {[%emt 00:01:58]} Qxd6 {[%clk
01:11:41]} {[%emt 00:04:27]} 14. Ng6 {[%clk 01:06:04]} {[%emt 00:00:56]} Qd5
{[%clk 01:09:19]} {[%emt 00:02:52]} 15. Nxh8 {[%clk 01:06:18]} {[%emt
00:00:16]} Qf5 {[%clk 01:08:36]} {[%emt 00:01:13]} 16. Bc7 {[%clk 00:53:19]}
{[%emt 00:13:29]} Qxc2 {[%clk 00:59:48]} {[%emt 00:09:17]} 17. Bb6 {[%clk
00:49:08]} {[%emt 00:04:42]} Rc8 {[%clk 00:54:43]} {[%emt 00:05:35]} 18. b4
{[%clk 00:44:36]} {[%emt 00:05:02]} Qxd1 {[%clk 00:52:49]} {[%emt 00:02:24]} 19.
Rexd1 {[%clk 00:44:03]} {[%emt 00:01:03]} Nc2 {[%clk 00:52:39]} {[%emt
00:00:39]} 20. Rac1 {[%clk 00:42:25]} {[%emt 00:02:09]} Nxb4 {[%clk 00:52:44]}
{[%emt 00:00:24]} 21. Rxc5 {[%clk 00:42:11]} {[%emt 00:00:44]} Nc6 {[%clk
00:48:57]} {[%emt 00:04:16]} 22. Rc3 {[%clk 00:25:22]} {[%emt 00:17:20]} Nd5
{[%clk 00:45:59]} {[%emt 00:03:27]} 23. Rb3 {[%clk 00:25:02]} {[%emt 00:00:51]}
Ne5 {[%clk 00:35:29]} {[%emt 00:11:00]} 24. Bd4 {[%emt 00:01:24]} Nc6 {[%emt
00:00:47]} 25. Bb6 Kf8 {[%emt 00:00:02]} 26. Bc5+ {[%emt 00:00:05]} Kg8 27.
Nxf7 {[%emt 00:00:02]} Na5 28. Nh8 {[%emt 00:00:03]} 1-0

[Event "Pohár města Říčany 2018"]
[Site ""]
[Date "2018.08.25"]
[Round "1.5"]
[White "Cermak, Jan"]
[Black "Svatos, Jan"]
[Result "0-1"]
[WhiteElo "1878"]
[BlackElo "2264"]
[PlyCount "0"]
[EventDate "2018.08.25"]

1. e4 {[%clk 01:30:56]} {[%emt 00:00:03]} c5 {[%clk 01:30:54]} {[%emt
00:00:07]} 2. Nf3 {[%clk 01:31:18]} {[%emt 00:00:07]} e6 {[%clk 01:31:21]}
{[%emt 00:00:03]} 3. c4 {[%clk 01:30:51]} {[%emt 00:00:57]} Nc6 {[%clk
01:31:37]} {[%emt 00:00:14]} 4. Nc3 {[%clk 01:31:13]} {[%emt 00:00:09]} g6
{[%clk 01:31:52]} {[%emt 00:00:15]} 5. g3 {[%clk 01:31:28]} {[%emt 00:00:15]}
Bg7 {[%clk 01:32:15]} {[%emt 00:00:07]} 6. Bg2 {[%clk 01:31:39]} {[%emt
00:00:20]} Nge7 {[%clk 01:32:36]} {[%emt 00:00:09]} 7. O-O {[%clk 01:31:27]}
{[%emt 00:00:41]} O-O {[%clk 01:32:57]} {[%emt 00:00:09]} 8. d3 {[%clk
01:30:35]} {[%emt 00:01:22]} d5 {[%clk 01:27:57]} {[%emt 00:05:30]} 9. cxd5
{[%clk 01:20:12]} {[%emt 00:10:50]} exd5 {[%clk 01:27:42]} {[%emt 00:00:45]} 10.
Qb3 {[%emt 00:12:47]} Nb4 {[%clk 01:02:56]} {[%emt 00:18:23]} 11. Bg5 {[%clk
00:49:31]} {[%emt 00:25:47]} dxe4 {[%clk 00:49:35]} {[%emt 00:13:51]} 12. dxe4
{[%clk 00:48:10]} {[%emt 00:01:50]} Be6 {[%clk 00:49:14]} {[%emt 00:00:50]} 13.
Qd1 {[%clk 00:35:20]} {[%emt 00:13:21]} Qe8 {[%clk 00:45:10]} {[%emt 00:04:34]}
14. Qe2 {[%clk 00:34:49]} {[%emt 00:01:02]} Nec6 {[%clk 00:31:11]} {[%emt
00:14:29]} 15. a3 {[%clk 00:30:14]} {[%emt 00:05:05]} Na6 {[%clk 00:31:36]}
{[%emt 00:00:05]} 16. Qb5 {[%clk 00:25:33]} {[%emt 00:05:10]} Rc8 {[%clk
00:12:28]} {[%emt 00:19:39]} 17. Nd5 {[%clk 00:16:27]} {[%emt 00:09:36]} f6
{[%clk 00:11:34]} {[%emt 00:01:24]} 18. Bf4 {[%clk 00:14:46]} {[%emt 00:02:11]}
Qf7 {[%clk 00:08:13]} {[%emt 00:03:51]} 19. Rfd1 {[%clk 00:12:55]} {[%emt
00:02:21]} Rfd8 {[%clk 00:08:12]} {[%emt 00:00:31]} 20. Be3 {[%clk 00:07:22]}
{[%emt 00:06:03]} Bf8 {[%clk 00:06:31]} {[%emt 00:02:11]} 21. Nxf6+ {[%clk
00:03:51]} {[%emt 00:04:00]} Qxf6 {[%clk 00:06:11]} {[%emt 00:00:51]} 22. Qxb7
{[%clk 00:04:16]} {[%emt 00:00:05]} Nab8 {[%clk 00:01:49]} {[%emt 00:04:52]} 23.
Ng5 {[%clk 00:02:24]} {[%emt 00:02:21]} Bg7 {[%clk 00:01:32]} {[%emt 00:00:47]}
24. e5 {[%clk 00:00:58]} {[%emt 00:01:57]} Qxe5 {[%clk 00:00:58]} {[%emt
00:01:03]} 25. Bf4 {[%clk 00:00:51]} {[%emt 00:00:37]} Qf6 {[%clk 00:00:57]}
{[%emt 00:00:31]} 26. Nxe6 {[%clk 00:01:19]} {[%emt 00:00:02]} Qxe6 {[%clk
00:01:18]} {[%emt 00:00:09]} 27. Bd5 {[%clk 00:01:34]} {[%emt 00:00:15]} Rxd5
{[%clk 00:01:42]} {[%emt 00:00:07]} 28. Rxd5 {[%clk 00:01:59]} {[%emt
00:00:04]} Na5 {[%clk 00:01:31]} {[%emt 00:00:41]} 29. Qa8 {[%clk 00:00:54]}
{[%emt 00:01:35]} Nbc6 {[%emt 00:01:31]} 30. Qb7 {[%emt 00:01:09]} Nb8 31.
Qxc8+ Qxc8 32. Rad1 {[%emt 00:00:11]} 0-1

[Event "Pohár města Říčany 2018"]
[Site ""]
[Date "2018.08.25"]
[Round "1.6"]
[White "Gregor, Jiri"]
[Black "Havelka, Petr"]
[Result "1-0"]
[WhiteElo "2262"]
[BlackElo "1847"]
[PlyCount "0"]
[EventDate "2018.08.25"]

1. d4 {[%emt 00:15:44]} d5 {[%emt 00:00:22]} 2. Nf3 {[%emt 00:00:29]} Nf6
{[%emt 00:00:47]} 3. c4 {[%emt 00:00:06]} e6 {[%emt 00:01:19]} 4. Nc3 {[%emt
00:01:06]} Be7 {[%emt 00:04:13]} 5. e3 {[%emt 00:00:49]} O-O {[%emt 00:03:49]}
6. b3 {[%emt 00:01:48]} c6 {[%emt 00:06:06]} 7. Bd3 {[%emt 00:00:44]} Nbd7
{[%emt 00:06:48]} 8. Bb2 {[%emt 00:01:37]} b6 {[%emt 00:02:38]} 9. O-O {[%emt
00:01:42]} Bb7 {[%emt 00:01:07]} 10. Qe2 {[%emt 00:10:54]} Re8 {[%emt
00:07:49]} 11. Rfd1 {[%emt 00:06:26]} Rc8 {[%emt 00:07:51]} 12. Rac1 {[%emt
00:09:34]} Bd6 {[%emt 00:07:37]} 13. e4 {[%emt 00:10:04]} e5 {[%emt 00:09:10]}
14. dxe5 {[%emt 00:10:26]} Nxe5 {[%emt 00:06:19]} 15. cxd5 {[%emt 00:07:53]}
cxd5 {[%emt 00:04:12]} 16. exd5 {[%emt 00:18:37]} Neg4 {[%emt 00:17:01]} 17.
Qd2 {[%emt 00:04:54]} Bc5 {[%emt 00:03:39]} 18. Rf1 {[%emt 00:02:33]} Ne3
{[%emt 00:04:06]} 19. Rfe1 {[%emt 00:01:26]} Neg4 {[%emt 00:00:35]} 20. Nd1
{[%emt 00:03:02]} Rxe1+ {[%emt 00:00:40]} 21. Qxe1 {[%emt 00:00:36]} Bxd5
{[%emt 00:01:25]} 22. Ba6 {[%emt 00:01:47]} Rc7 {[%emt 00:01:09]} 23. h3 {[%emt
00:01:06]} Bxf3 {[%emt 00:01:10]} 24. gxf3 {[%emt 00:00:18]} Re7 {[%emt
00:00:48]} 25. Qc3 {[%emt 00:00:41]} Nh6 {[%emt 00:01:12]} 26. b4 {[%emt
00:00:44]} Bd6 {[%emt 00:00:25]} 27. Ne3 {[%emt 00:00:36]} Rc7 {[%emt
00:00:53]} 28. Qe1 {[%emt 00:00:01]} Rxc1 {[%emt 00:00:11]} 29. Bxc1 {[%emt
00:00:37]} Ne8 {[%emt 00:00:31]} 30. Nc4 {[%emt 00:00:54]} Kf8 {[%emt
00:00:49]} 31. Bb5 {[%emt 00:00:17]} Qe7 {[%emt 00:00:28]} 32. Qxe7+ {[%emt
00:02:17]} Bxe7 {[%emt 00:00:01]} 33. Bd2 {[%emt 00:01:10]} Nf5 {[%emt
00:00:24]} 34. Ne5 {[%emt 00:00:16]} Nd4 {[%emt 00:01:08]} 35. Ba6 {[%emt
00:01:22]} Nc7 {[%emt 00:00:18]} 36. Bb7 {[%emt 00:00:13]} Bd6 {[%emt
00:00:35]} 37. Nc4 {[%emt 00:00:11]} Be7 {[%emt 00:00:22]} 38. Kg2 {[%emt
00:01:27]} h6 {[%emt 00:00:17]} 39. f4 {[%emt 00:00:06]} Nc2 {[%emt 00:00:30]}
40. a3 {[%emt 00:00:15]} b5 {[%emt 00:00:55]} 41. Be4 {[%emt 00:00:36]} bxc4
{[%emt 00:00:09]} 42. Bxc2 {[%emt 00:00:17]} Nb5 {[%emt 00:00:12]} 43. a4
{[%emt 00:00:52]} c3 {[%emt 00:00:52]} 44. Be3 {[%emt 00:00:12]} Na3 {[%emt
00:00:08]} 45. Bb3 {[%emt 00:00:43]} Bxb4 {[%emt 00:00:08]} 46. Bxa7 {[%emt
00:00:08]} c2 {[%emt 00:00:59]} 47. Be3 {[%emt 00:00:02]} Ke7 {[%emt 00:00:55]}
48. Kf3 {[%emt 00:00:09]} f6 {[%emt 00:00:31]} 49. Ke2 {[%emt 00:00:14]} Kd6
{[%emt 00:00:29]} 50. Kd3 {[%emt 00:00:08]} g5 {[%emt 00:00:23]} 51. fxg5
{[%emt 00:00:43]} hxg5 {[%emt 00:00:05]} 52. Bc1 {[%emt 00:00:18]} Kc5 {[%emt
00:00:38]} 53. f3 {[%emt 00:00:19]} Kd6 {[%emt 00:00:49]} 54. Bb2 {[%emt
00:00:50]} Ke7 {[%emt 00:00:18]} 55. a5 {[%emt 00:00:19]} Nb1 {[%emt 00:00:51]}
56. a6 {[%emt 00:00:36]} Bc5 {[%emt 00:00:35]} 1-0

[Event "Pohár města Říčany 2018"]
[Site ""]
[Date "2018.08.25"]
[Round "1.7"]
[White "Vilimova, Julie"]
[Black "Rodshtein, Tereza"]
[Result "0-1"]
[WhiteElo "1836"]
[BlackElo "2256"]
[PlyCount "0"]
[EventDate "2018.08.25"]

1. e4 {[%clk 01:30:57]} {[%emt 00:00:01]} e5 {[%clk 01:30:53]} {[%emt
00:00:08]} 2. Nf3 {[%clk 01:31:13]} {[%emt 00:00:14]} Nc6 {[%clk 01:31:10]}
{[%emt 00:00:14]} 3. Bc4 {[%clk 01:30:27]} {[%emt 00:01:16]} Bc5 {[%clk
01:30:29]} {[%emt 00:01:10]} 4. O-O {[%clk 01:27:18]} {[%emt 00:03:38]} Nf6
{[%clk 01:30:37]} {[%emt 00:00:23]} 5. d3 {[%clk 01:23:59]} {[%emt 00:03:49]}
O-O {[%clk 01:30:19]} {[%emt 00:00:48]} 6. Be3 {[%clk 01:02:50]} {[%emt
00:21:36]} Bb6 {[%clk 01:28:33]} {[%emt 00:02:16]} 7. h3 {[%clk 01:01:48]}
{[%emt 00:01:32]} d6 {[%clk 01:28:37]} {[%emt 00:00:25]} 8. Nbd2 {[%clk
01:01:38]} {[%emt 00:00:40]} Na5 {[%clk 01:28:01]} {[%emt 00:01:06]} 9. Bb5
{[%clk 00:59:52]} {[%emt 00:02:16]} c6 {[%clk 01:28:21]} {[%emt 00:00:10]} 10.
Ba4 {[%clk 00:59:48]} {[%emt 00:00:34]} Bxe3 {[%clk 01:28:35]} {[%emt
00:00:16]} 11. fxe3 {[%clk 00:59:49]} {[%emt 00:00:30]} b5 {[%clk 01:28:07]}
{[%emt 00:00:57]} 12. Bb3 {[%clk 00:58:44]} {[%emt 00:01:35]} Nxb3 {[%clk
01:22:44]} {[%emt 00:05:54]} 13. Nxb3 {[%clk 00:57:53]} {[%emt 00:01:21]} a5
{[%clk 01:19:55]} {[%emt 00:03:20]} 14. Nbd2 {[%clk 00:55:42]} {[%emt
00:02:41]} Re8 {[%clk 01:19:21]} {[%emt 00:01:03]} 15. Nh4 {[%clk 00:51:26]}
{[%emt 00:04:46]} Ra7 {[%clk 01:12:22]} {[%emt 00:07:30]} 16. Nf5 {[%clk
00:46:11]} {[%emt 00:05:44]} d5 {[%clk 01:09:35]} {[%emt 00:03:17]} 17. exd5
{[%clk 00:44:14]} {[%emt 00:02:27]} cxd5 {[%clk 01:07:51]} {[%emt 00:02:14]} 18.
e4 {[%clk 00:42:33]} {[%emt 00:02:10]} dxe4 {[%clk 01:07:30]} {[%emt 00:00:51]}
19. Nxe4 {[%clk 00:42:08]} {[%emt 00:00:56]} Bxf5 {[%clk 01:07:40]} {[%emt
00:00:21]} 20. Rxf5 {[%clk 00:31:53]} {[%emt 00:10:45]} Qd4+ {[%clk 01:07:56]}
{[%emt 00:00:13]} 21. Nf2 {[%clk 00:26:43]} {[%emt 00:05:39]} Qxb2 {[%clk
00:59:55]} {[%emt 00:08:31]} 22. Rb1 {[%clk 00:26:53]} {[%emt 00:00:21]} Qxa2
{[%clk 00:59:42]} {[%emt 00:00:43]} 23. Rxb5 {[%clk 00:27:14]} {[%emt
00:00:09]} Qe6 {[%clk 00:55:46]} {[%emt 00:04:26]} 24. g4 {[%clk 00:20:08]}
{[%emt 00:07:36]} a4 {[%clk 00:55:07]} {[%emt 00:01:09]} 25. Qa1 {[%clk
00:19:51]} {[%emt 00:00:47]} Nd7 {[%clk 00:46:34]} {[%emt 00:09:03]} 26. Ne4
{[%clk 00:18:49]} {[%emt 00:01:32]} h6 {[%clk 00:43:02]} {[%emt 00:04:02]} 27.
Qa3 {[%clk 00:18:33]} {[%emt 00:00:46]} Qc6 {[%clk 00:42:09]} {[%emt 00:01:20]}
28. c4 {[%clk 00:18:47]} {[%emt 00:00:18]} Rf8 {[%clk 00:38:25]} {[%emt
00:04:14]} 29. Nd6 {[%clk 00:15:52]} {[%emt 00:03:26]} Ra6 {[%clk 00:36:26]}
{[%emt 00:02:29]} 30. Ne4 {[%clk 00:15:35]} {[%emt 00:00:46]} Raa8 {[%clk
00:33:13]} {[%emt 00:03:43]} 31. Nc3 {[%clk 00:14:38]} {[%emt 00:01:27]} g6
{[%clk 00:32:12]} {[%emt 00:01:31]} 32. Nd5 {[%clk 00:13:23]} {[%emt 00:01:45]}
Kh7 {[%clk 00:29:52]} {[%emt 00:02:49]} 33. Rf2 {[%clk 00:12:46]} {[%emt
00:01:07]} e4 {[%clk 00:29:07]} {[%emt 00:01:15]} 34. Rb6 {[%clk 00:05:13]}
{[%emt 00:08:03]} Nxb6 {[%clk 00:24:20]} {[%emt 00:05:16]} 35. Nf6+ {[%clk
00:05:35]} {[%emt 00:00:08]} Kh8 {[%clk 00:21:47]} {[%emt 00:03:04]} 36. Qa1
{[%clk 00:05:51]} {[%emt 00:00:14]} e3 {[%clk 00:18:27]} {[%emt 00:03:50]} 37.
Nh5+ {[%clk 00:04:46]} {[%emt 00:01:35]} f6 {[%clk 00:18:49]} {[%emt 00:00:09]}
38. Rxf6 {[%clk 00:03:37]} {[%emt 00:01:39]} Rxf6 {[%clk 00:19:14]} {[%emt
00:00:05]} 39. Nxf6 {[%clk 00:04:00]} {[%emt 00:00:06]} Ra7 {[%clk 00:17:41]}
{[%emt 00:02:03]} 40. Qd4 {[%clk 00:01:52]} {[%emt 00:02:38]} e2 {[%clk
00:14:58]} {[%emt 00:03:13]} 0-1